| 000 | 00444nam a22001697a 4500 | ||
|---|---|---|---|
| 999 |
_c524117 _d524117 |
||
| 003 | NUST | ||
| 020 | _c(Hbk) | ||
| 038 | _aShaban | ||
| 082 |
_a891.42 _bBUK |
||
| 100 |
_aBukhari, Sajjad _914940 |
||
| 245 |
_aMosam tarai warga / _cSajjad Bukhari |
||
| 260 |
_aJhang -: _bDil Drya publications, _c2000. |
||
| 300 | _a128 p. ; | ||
| 880 |
_6100-02\r _aسجاد بخاری |
||
| 880 |
_6245-02\r _aموسم تیرے ورگا / |
||
| 942 |
_2ddc _cBK |
||